000 03991agm a22007935i 4500
999 _c29077
_d29048
001 ocn191960867
003 OCoLC
005 20210227095831.0
007 vd|cvaizq
008 080212s2008 cau158 e vleng d
020 _a1415738939
020 _a9781415738931
024 1 _a097363479246
028 4 2 _a34792
_bParamount Home Entertainment
035 _a(OCoLC)ocn191960867
037 _bMidwest Tape
_nhttp://www.midwesttapes.com
040 _aTEFMT
_cTEFMT
_dTEF
_dBTCTA
_dRNC
_dIHI
_dJFL
_dJED
_dVP@
_dIUL
041 1 _aeng
_afre
_aspa
_beng
_bfre
_bspa
_heng
043 _an-us-ca
049 _aIULA
082 0 4 _a791.4372
_bTHE
_222
130 0 _aThere will be blood (Motion picture)
245 1 0 _aThere will be blood
_h[videorecording] /
_cParamount Vantage and Miramax Films ; a Joanne Sellar/Ghoulardi Film Company production ; written for the screen and directed by Paul Thomas Anderson ; produced by Joanne Sellar, Paul Thomas Anderson, Daniel Lupi.
250 _aWidescreen version.
260 _aHollywood, Calif. :
_bParamount Home Entertainment,
_c[2008]
300 _a1 videodisc (158 min.) :
_bsd., col. ;
_c4 3/4 in.
500 _aBased on the novel "Oil" by Upton Sinclair.
500 _aOriginally released as a motion picture in 2007.
508 _aDirector of photography, Robert Elswit ; editor, Dylan Tichenor ; music, Jonny Greenwood ; costume designer, Mark Bridges ; production designer, Jack Fisk ; visual effects supervisors, Grady Cofer, Paul Graff.
511 1 _aDaniel Day-Lewis, Paul Dano, Kevin J. O'Connor, Ciarán Hinds, Dillon Freasier, Barry Del Sherman, Paul F. Tompkins.
520 _aA down-and-out silver miner raising a son, self-made oilman Daniel Plainview has a voracious appetite for oil and it turns him into a California tycoon in the early years of the 20th century. Getting the oil from the ground is an intensely physical process that later broadens into Plainview's equally indomitable urge to control land and power. Along the way, Plainview deals with a mighty derrick fire, a visit from a long-lost brother, the ongoing involvement of Plainview's poker-faced adoptive son, and Plainview's rivalry with Eli Sunday, the local preacher.
538 _aDVD, region 1, widescreen (2.35:1) presentation, enhanced for 16x9 TVs; Dolby Digital 5.1 surround.
546 _aEnglish, French or Spanish dialogue with optional English, French or Spanish subtitles; closed-captioned.
586 8 _aGolden Globes, USA, 2008: Golden Globe - Best Performance by an Actor in a Motion Picture - Drama (Daniel Day-Lewis)
650 0 _aOil industry workers
_zCalifornia
_vDrama.
650 0 _aOil well drilling rigs
_zCalifornia
_vDrama.
650 0 _aBrothers
_zCalifornia
_vDrama.
650 8 _aPetroleum workers
_zCalifornia
_vDrama.
650 8 _aOil well drilling rigs
_zCalifornia
_vDrama.
650 8 _aBrothers
_zCalifornia
_vDrama.
650 0 _aFeature films.
_930844
650 0 _aVideo recordings for the hearing impaired.
651 0 _aCalifornia
_vDrama.
651 8 _aCalifornia
_vDrama.
655 7 _aMelodrama
_vFeature.
_2migfg
655 7 _aFeature films.
_2gsafd
655 7 _aMelodrama.
_2gsafd
655 0 _aHistorical films.
655 0 _aFilm adaptations.
655 7 _aVideo recordings for the hearing impaired.
_2lcgft
655 0 _aFiction films.
655 0 _aFeature films.
700 1 _aAnderson, Paul Thomas.
700 1 _aSellar, Joanne.
700 1 _aLupi, Daniel.
700 1 _aDay-Lewis, Daniel.
700 1 _aDano, Paul,
_d1984-
700 1 _aO'Connor, Kevin J.,
_d1964-
700 1 _aHinds, Ciarán,
_d1953-
700 1 _aFreasier, Dillon,
_d1996-
700 1 _aDel Sherman, Barry,
_d1962-
700 1 _aTompkins, Paul F.
700 1 _aSinclair, Upton,
_d1878-1968.
_tOil! (Novel)
710 2 _aParamount Vantage.
710 2 _aMiramax Films.
_935206
710 2 _aGhoulardi Film Company.
710 2 _aParamount Home Entertainment (Firm)
942 _2ddc
_cCDVDMOV